000 01331nam a22002777a 4500
001 ES-SIBCS
003 ES-SlBCS
005 20260424085000.0
008 240426m1598sp |||||| 001|0 spa|d
040 _aES-SIBCS
_bspa
041 _aspa
100 1 _aVega, Alonso de la (O.F.M.)
_926447
245 0 0 _aSumma llamada nueva recopilacion y practica del fuero interior, utilissima para Confessores y penitentes, con varias resoluciones de casi innumerables casos de consciencia, tocantes a todas las materias Theologas, Canonicas y Iuridicas...
_nPrimera parte
_ccompuesta por el Padre Fray Alonso de Vega, de la Sagrada Religion de los Minimos ...
250 _aAgora nuevamente añadida, corregida y reduzida a materias por el mismo Autor.
260 _aEn Madrid :
_bEn casa del licenciado Varez de Castro, y a su costa,
_c1598
300 _a[12] p., 1282 col., [3] p. en bl., [2] p., 116 col. ;
_cFol. (32 cm)
500 _aAfectado por polilla. Faltan, en el índice, col. 61 a la 112.
561 _aDominicos La Coruña
650 0 7 _aSacramentos
_98081
650 0 7 _aMoral cristiana
_yObras anteriores a 1800
_915264
700 1 _aVarez de Castro,
_eimp
_926448
710 2 _aColegio de San Ignacio (Valladolid),
_eant. pos
_926449
752 _aEspaña:
_dMadrid
942 _2lcc
_cLA
999 _c18323
_d21554